000 03559nam a22002417a 4500
003 BJBSDDR
005 20260515152626.0
007 ta
008 260515s1993 nyu||||| |||| 00| 0 eng d
020 _a9780393332865
020 _a0393332861
040 _bspa
_cBJBSDDR
041 _aeng
050 _bB289 1993
100 1 _aBartlett, Irving H
_948385
245 1 0 _aJohn C. Calhoun :
_ba biography /
_cIrving H. Bartlett
260 _aNew York :
_bW.W. Norton & Co,
_c1993
300 _a413 pages :
_billustrations ;
_c25 cm
505 _a Casting the iron Education, marriage, and career The war hawk Secretary of war The election of 1824 Vice president with his own agenda The architect of nullification The compromise of 1833 Assaulting the President Making the proslavery argument Outfoxing the fox The iron man at home Master of Fort Hill "If it is ever intended, now is the time" Secretary of state The peace senator "Mexico is to us the forbidden fruit" "Having faithfully done my duty."
520 _aIn this important and highly readable biography of John C. Calhoun, Irving Bartlett sees a man almost unique in American history, a lifelong politician who was also a profound political philosopher. Born on the South Carolina frontier, Calhoun grew up in a postrevolutionary culture which valued both African slavery and the republican ideology of the Founding Fathers. He was orphaned in his teens and, with almost no formal education, suddenly became a man. In less than ten years he had become a Yale graduate, a lawyer, a former state legislator, and a congressman-elect prepared to help James Madison lead the country into the War of 1812. As a congressman and later as James Monroe's secretary of war Calhoun articulated the nationalism of the new nation as cogently as any other American leader. Calhoun was ambitious beyond his years. He was an unsuccessful candidate in the disputed presidential election of 1824 but was easily elected vice president under John Quincy Adams and Andrew Jackson. Determined to avoid the obscurity of that office, Calhoun managed to get into monumental public disputes with both presidents and resigned in the last days of Jackson's first administration to become senator from South Carolina and champion his state's right to nullify the Tariff of 1832. Along with his famous contemporaries Henry Clay and Daniel Webster, Calhoun dominated the Senate of the United States in the 1830s and 1840s. Serving briefly as secretary of state in the beleaguered Tyler administration, he played a key role in the annexation of Texas and created a furor on both sides of the Atlantic with his strident defense of American slavery and his denunciation of what he perceived as the pseudophilanthropy of British abolitionism. Returning to the Senate, he acted as peacemaker in helping avoid a near war with Britain over the Oregon boundary dispute, and he persistently opposed the popular Mexican War. Long before his death in 1850 Calhoun had become known as the cast-iron leader of the South, who never curried to popular opinion, spurned party loyalty, and defended slavery and states' rights with a vigor and intelligence that even leading abolitionists had to respect. In this major new biography Irving Bartlett goes behind the cast-iron image to explain the cultural and psychological forces that shaped Calhoun's political career and thought; he maintains that however wrong Calhoun was about slavery, many of his ideas still speak to us today
942 _2lcc
_n0
_cBK
946 _icmc
999 _c127108
_d127108